| 000 | 02799cam a22004694i 4500 | ||
|---|---|---|---|
| 003 | PE-LiUPU | ||
| 005 | 20250731165439.0 | ||
| 008 | 160607s2016 pe a grm 000 0 spa d | ||
| 035 | _a(Sirsi) a157095 | ||
| 040 |
_aPE-LiUPU _bspa _cPE-LiUPU _erda |
||
| 099 |
_aTF 3 _bCH533 2016 |
||
| 100 | 1 |
_aChávez Cacallaca, Ester, _eautor |
|
| 245 | 1 |
_aComunicación familiar y su relación con la depresión en estudiantes del 5° de Secundaria de la Institución Educativa Adventista Puno, 2015 / _cEster Chávez Cacallaca. |
|
| 264 | 0 | _c2015. | |
| 300 |
_a84 hojas : _bilustraciones; _c30 cm |
||
| 336 |
_atext _2rdacontent |
||
| 337 |
_aunmediated _2rdamedia |
||
| 338 |
_avolume _2rdacarrier |
||
| 502 |
_aTesis _b(Lic.) -- _cUniversidad Peruana Unión, _d2015. |
||
| 504 | _aIncluye referencias | ||
| 520 | 3 | _aEl presente trabajo de investigación titulado comunicación familiar y su relación con la depresión en estudiantes del 5° de secundaria de la Institución Educativa Adventista Puno, 2015, se realizó con una muestra de 72 estudiantes del 5l° año del nivel secundario, comprendidos entre 16 y 17 años de edad, de ambos sexos, matriculados en la Institución Educativa mencionada anteriormente. El diseño de investigación es descriptivo, correlacional. Responde al objetivo fundamental: identificar la relación existente entre la comunicación familiar y la depresión en estudiantes del 5° de secundaria. Para la recolección de datos se administró el Cuestionario de comunicación familiar padres-hijos de Barnes & Olson, para observar la calidad de comunicación existente entre padres e hijos en las familias y el inventario de Depresión de Beck para observar la presencia ausencia de depresión. La confiabilidad del instrumento se determinó a través del Alfa de Cronbach. Los resultados revelan que entre la comunicación familiar y la depresión existe una correlación inversa y significativa (r= -0.392; p=0.013), en las dimensiones: depresión cognitivo-afectivo (r=.441; p=.005), depresión somático-motivacional (r=.495; p=.003), lo cual significa que a mejor comunicación familiar con el padre y la madre hay menos depresión en los encuestados. | |
| 526 | _aSEG44 | ||
| 526 | _aSEG26 | ||
| 526 | _aP151 | ||
| 526 | _aP150 | ||
| 526 | _aP149 | ||
| 526 | _aP146 | ||
| 526 | _aP145 | ||
| 526 | _aP126 | ||
| 526 | _aP125 | ||
| 526 | _aP92 | ||
| 526 | _aP75 | ||
| 526 | _aP74 | ||
| 526 | _aP27 | ||
| 526 | _aP15 | ||
| 650 | 0 | 4 |
_aEscolares _xDepresión. |
| 650 | 0 | 4 |
_aFamilias _xDepresión. |
| 650 | 0 | 4 | _aDepresión en niños. |
| 596 | _a1 | ||
| 942 |
_2ddc _cTESIS |
||
| 999 |
_aTF 3 CH533 20156 _wALPHANUM _c9763 _iT01986 _lCCODEBUL3 _mBUL _r1 _sY _tTESIS _u2016-6-7 _xPOSGRADO _PP54 _o.STAFF. Tesis _d9763 |
||
| 980 |
_81 _gALBERTO SANCHEZ Responsable de Automatización |
||